How the Bond Market Works (Record no. 344361)
[ view plain ]
| 000 -LEADER | |
|---|---|
| fixed length control field | 00597 a2200193 4500 |
| 003 - CONTROL NUMBER IDENTIFIER | |
| control field | OSt |
| 005 - DATE AND TIME OF LATEST TRANSACTION | |
| control field | 20180116182710.0 |
| 008 - FIXED-LENGTH DATA ELEMENTS--GENERAL INFORMATION | |
| fixed length control field | 160427b xxu||||| |||| 00| 0 eng d |
| 020 ## - INTERNATIONAL STANDARD BOOK NUMBER | |
| International Standard Book Number | 9788120312234 |
| 040 ## - CATALOGING SOURCE | |
| Transcribing agency | 0 |
| 082 ## - DEWEY DECIMAL CLASSIFICATION NUMBER | |
| Classification number | 332.6323 NEW 1988 |
| 100 ## - MAIN ENTRY--PERSONAL NAME | |
| Personal name | Staff of New York Institute of Finance |
| 110 0# - MAIN ENTRY--CORPORATE NAME | |
| Corporate name or jurisdiction name as entry element | Staff of new York Institute of Finance |
| 245 1# - TITLE STATEMENT | |
| Title | How the Bond Market Works |
| Statement of responsibility, etc. | by Staff of new York Institute of Finance |
| 260 ## - PUBLICATION, DISTRIBUTION, ETC. | |
| Place of publication, distribution, etc. | New Dehli |
| Date of publication, distribution, etc. | 1997 |
| Name of publisher, distributor, etc. | Prentic Hall, |
| 300 ## - PHYSICAL DESCRIPTION | |
| Extent | 278 p. |
| Other physical details | pb. |
| 440 ## - SERIES STATEMENT/ADDED ENTRY--TITLE | |
| Title | How the Bond Market Works |
| 942 ## - ADDED ENTRY ELEMENTS (KOHA) | |
| Institution code [OBSOLETE] | NBS |
| Koha item type | Book |
| Call number prefix | 332.6323 NEW 1988 |
| Source of classification or shelving scheme | |
| Withdrawn status | Lost status | Damaged status | Not for loan | Permanent Location | Current Location | Date acquired | Total Checkouts | Full call number | Barcode | Date last seen | Price effective from | Koha item type | Date last checked out | Source of classification or shelving scheme |
|---|---|---|---|---|---|---|---|---|---|---|---|---|---|---|
| Central Library (CL) | Central Library (CL) | 08/28/2013 | 658.8 NEW | NBS268 | 08/28/2013 | 08/28/2013 | Book | |||||||
| Central Library (CL) | Central Library (CL) | 08/28/2013 | 2 | 658.8 NEW | NBS1823 | 11/22/2017 | 08/28/2013 | Book | 08/08/2017 | |||||
| Central Library (CL) | Central Library (CL) | 08/28/2013 | 2 | 658.8 NEW | NBS1825 | 02/18/2023 | 08/28/2013 | Book | 01/07/2023 | |||||
| Central Library (CL) | Central Library (CL) | 08/28/2013 | 1 | 658.8 NEW | NBS1824 | 11/22/2017 | 08/28/2013 | Book | 08/04/2017 | |||||
| Central Library (CL) | Central Library (CL) | 12/31/2023 | 658.8 NEW 1988 | NBS269 | 12/31/2023 | 12/31/2023 | Book |
